000 00450nam a2200145 i 4500
001 97383
003 ES-MaACL
007 t|
008 050711s1930 sp ||||1| spa d
100 1 _aMarco Miranda, Vicente.
_976485
245 1 4 _aLas conspiraciones contra la dictadura
_b: (relato de un testigo) /
_cVicente Marco Miranda.
260 _aMadrid :
_b[s.n.],
_c1930 (
_fHijos de T. Minuesa)
300 _a290 p. ;
_c19 cm.
852 _aES-MaACL
_jB-6059
999 _c97383
_d97383